00322nam a2200121Ia 4500003000400000008004100004040001600045082001300061245005400074260003400128300001000162490002800172GCL140319s9999 xx 000 0 eng d aGCL / cGCL04a306bF A10aAPPLICATIONS IN COMPUTING FOR SOCIAL ANTROPOGISTS a[S.N] : bROUTLEDGE ، c1994 a233 P aASA RESEARCH METHODSv0